| 000 | 00653nam a2200205 i 4500 | ||
|---|---|---|---|
| 001 | 186751 | ||
| 003 | ES-MaACL | ||
| 005 | 20251015063156.0 | ||
| 008 | 170213s1910 sp |||| | spa d | ||
| 080 | _a821.134.2-32"19" | ||
| 100 | 1 |
_aVarela, Benigno, _d1882-1946 _9113129 |
|
| 245 | 1 | 4 |
_aLas dos bombas / _cnovela de Benigno Varela ; ilustraciones de Pueyo. |
| 260 |
_aMadrid : _bLos Contemporáneos, _c1910. |
||
| 300 |
_a[20] p. : _bil. ; _c27 cm. |
||
| 490 | 1 |
_aLos contemporáneos ; _v59 |
|
| 700 | 1 |
_aPueyo, J. _9161712 |
|
| 830 | 0 |
_aLos contemporáneos ; _v59 _9185715 |
|
| 852 |
_aES-MaACL _jR-2598(6) |
||
| 999 |
_c186751 _d186751 |
||